000 00256nam a2200097Ia 4500
001 693068
005 20250826161907.0
008 250824s9999 xx 000 0 und d
245 0 _aDOSTLUKLARIN SON GÜNÜ/S.İLERİ/EVEREST
_cSELİM İLERİ
260 _bEVEREST
999 _c693068
_d693068